| 000 | 00657nam a2200193Ia 4500 | ||
|---|---|---|---|
| 003 | GCL | ||
| 005 | 20240530102208.0 | ||
| 008 | 140319s9999 xx 000 0 ara d | ||
| 040 |
_aGCL / _cGCL |
||
| 082 | 0 | 4 |
_a953.072 _bا ت |
| 100 | 1 | _aاحمد عويدات | |
| 245 | 1 | 0 |
_aتاريخ المغرب والاندلس : _cاحمد عويدات _bمن القرن السادس الهجرى حتى القرن العاشر الهجرى/ |
| 260 |
_aالقاهرة : _bدار الامل للنشر والتوزيع ، _c1989 |
||
| 300 |
_a184 ص؛ _e24 سم |
||
| 650 | 0 | 4 | _aتاريخ |
| 650 | 0 | 4 | _aالاندلس |
| 650 | 0 | 4 | _aالمغرب |
| 942 |
_2ddc _cBK |
||
| 999 |
_c30480 _d30480 |
||